000 00350nam a22001337a 4500
008 170606b xxu||||| |||| 00| 0 eng d
020 _a9780521894616
041 _aeng
080 _a94
100 _a18
101 _aSHH
245 _aTHE AMBITIONS OF CURIOSITY UNDERSTANDING WORLD ANCIENT GREECE AND CHINA
_cLLOYD.G.E.R
942 _2udc
_cBK
999 _c16031
_d16031